000 00855nam a2200253Ia 4500
003 OSt
005 20220925190835.0
006 a|||||r|||| 00| 0
007 ta
008 220923b |||||||| |||| 00| 0 eng d
020 _a9781420094411
_c5097.8599999999997
037 _b37, 27/07/2010, AVIVA BOOKS COMPANY
_cGeneral Book
040 _aRTL
_cRTL
_beng
041 _2eng
_aeng
082 _aU18:M95:(G:55), Q0
100 _aWANG Yeqiao
_9240005
245 0 _aRemote sensing of coastal environments.
260 _aBoca Raton
_bCRC Press
_c2010
300 _axviii, 423p Bibliography chapterwise
_ccm.
490 _aTaylor and Francis Series in Remote Sensing Applications
650 _aGeography
942 _hU18:M95:(G:55), Q0
_cGB
_2CC
999 _c516168
_d516168